| 000 | 00654nam a2200217Ia 4500 | ||
|---|---|---|---|
| 001 | 8007 | ||
| 003 | GE_BSU | ||
| 008 | 181216s||||||||xx |||||||||||||| ||und|| | ||
| 040 | _cGE_BSU | ||
| 080 | _a691(075.32) | ||
| 100 | _aКлюковский,Г.И. | ||
| 245 | _aОбщая технология строительных материалов. | ||
| 245 | _bУчебник. | ||
| 245 | _cРед. Л.К.Олейник. | ||
| 260 | _aМ. | ||
| 260 | _bВысшая школа. | ||
| 260 | _c1971. | ||
| 300 | _a390стр.с илл. 22см. | ||
| 653 | _aОбщая технология строительных материалов. | ||
| 942 | _cBK | ||
| 999 |
_c41349 _d41349 |
||